| 000 | 009770000a22002050004500 | ||
|---|---|---|---|
| 020 | _a978-1-4497-8392-1 | ||
| 082 | 0 | 4 | _aG 262.1 E54e |
| 100 | 1 | _aEnlow, Ralph E. | |
| 245 | 1 | 0 | _aThe Leader's Palette : seven primary Colors / Ralph E. Enlow Jr. |
| 260 | _aUnited States of America : WestBow Press | ||
| 300 | _axxviii, 136 páginas | ||
| 501 | _arústico | ||
| 505 | 0 | 0 | _aLiderazgo en términos bíblicos -- color primario # 1: liderazgo de encarnación -- color primario # 2: liderazgo relacional -- color primario # 3: liderazgo del desarrollo -- color primario # 4: liderazgo direccional -- color primario # 5: liderazgo ecológico -- color primario # 6: liderazgo situacional -- color primario # 7: liderazgo doxológica -- Pintar con una paleta completa |
| 650 | 1 | 4 | _aLiderazgo cristiano \ Eclesiología - Liderazgo |
| 001 | 19857 | ||
| 942 | _cBK | ||
| 999 |
_c46215 _d46215 |
||
| 336 |
_atexto _btxt _2rdacontent |
||
| 337 |
_2rdamedia _asin mediación _bn |
||
| 338 |
_2rdacarrier _avolumen _bnc |
||